Bewitched:The Goddess Edition-Album (Laufey) - Statistics

General Stats
  • This quiz has been taken 68 times
  • The average score is 15 of 18
Answer Stats
Hint Answer % Correct
15. Bored
95%
14. Bewitched
93%
10. From The Start
93%
18. Goddess
93%
7. (Feat. Philharmonia Orchestra) California and Me
90%
2. Second Best
90%
1. Dreamer
88%
8. (Interlude) Nocturne
88%
17. It Could Happen To You
85%
9. Promise
85%
3. Haunted
83%
13. Letter To My 13 Year Old Self
83%
6. Lovesick
83%
11. Misty
83%
16. Trouble
83%
5. While You Were Sleeping
80%
4. Must Be Love
76%
12. Serendipity
71%
No matching quizzes found
Score Distribution
Percent of People with Each Score
Percentile by Number Answered
Your Score History
You have not taken this quiz